| 000 | 00713nam a2200205 a 4500 | ||
|---|---|---|---|
| 003 | 0 | ||
| 005 | 20250412080625.0 | ||
| 008 | 970101s19uu xx 00 eng d | ||
| 050 |
_aPGS QL 785 _b.M818 2004 |
||
| 100 | _aMoon, Seong Ran. | ||
| 245 |
_aThe awareness of grade 7 students on canine learning behavior / _cSeong Ran Moon. |
||
| 260 |
_aLas PiƱas City, Philippines : _bSouthville International School and Colleges, _c2024. |
||
| 300 |
_a15 pages : _billustrations ; _c28 cm. |
||
| 504 | _aIncludes bibliographical references. | ||
| 650 | _aDog training. | ||
| 650 |
_aDogs _vBehavior. |
||
| 650 | _aHuman-animal interaction. | ||
| 650 |
_aDogs _vBehavior _vStudy and teaching. |
||
| 942 |
_2lcc _cPASS |
||
| 999 |
_c97029 _d97029 |
||